Systolic computation of interpolating polynomials.

Niekoľko systolických polí, optimálnych z časového i priestorového hľadiska a ich využitie pri počítaní procesne závislých grafov, zodpovedajúcich Aitkenovmu algoritmu. Tá istá technika, použitá na Nevillov algoritmus dáva podobné výsledky.

Na minha lista:
Detalhes bibliográficos
Autor principal: Cappelo, P.R
Outros Autores: Koc, C.K, Gallopoulos, E.
Formato: Capítulo de Livro
Idioma:inglês
Assuntos:
Tags: Adicionar Tag
Sem tags, seja o primeiro a adicionar uma tag!

MARC

LEADER 00000naa a2200000 4500
001 r001991
005 20220909074230.3
041 0 |a eng 
044 |a AT 
245 1 0 |a Systolic computation of interpolating polynomials.  |c P.R. Cappelo, C.K. Koc, E. Gallopoulos 
520 |a Niekoľko systolických polí, optimálnych z časového i priestorového hľadiska a ich využitie pri počítaní procesne závislých grafov, zodpovedajúcich Aitkenovmu algoritmu. Tá istá technika, použitá na Nevillov algoritmus dáva podobné výsledky. 
610 2 0 |a matematika 
610 2 0 |a metódy matematické 
610 2 0 |a algoritmy 
100 1 |a Cappelo, P.R. 
700 1 |a Koc, C.K. 
700 1 |a Gallopoulos, E.